000 00660nam a2200241 a 4500
001 000022905
005 20240516195916.0
008 101122s1997 sp a 000 0 spa d
020 _a8473867289
040 _aDO-SdBNP
_bspa
_cBNPHU
082 _a641.822
_bL334c
100 1 _aLarson, A. P.,
_d1933-
_947079
245 1 4 _aLas pastas /
_cA. P. Larson.
260 _aBarcelona :
_bUltramar,
_c1997.
300 _a155 p. :
_bil. ;
_c23 cm.
490 1 _aCocina tradicional
650 4 _aPastas alimenticias (cocina)
_947080
650 0 _aCocina
_9360
650 0 _aGastronomía
_9362
830 0 _aCocina tradicional
_947081
910 _aWM
049 _aBNGR
999 _c22402
_d22402